000
00259nam a22001217a 4500
008
181010b xxu||||| |||| 00| 0 eng d
041
_a
eng
080
_a
941
100
_a
17
101
_a
HIS
245
_a
A History of France
_c
Maurois, A
942
_2
udc
_c
BK
999
_c
49305
_d
49305